| 000 | 01065nam a22002537a 4500 | ||
|---|---|---|---|
| 999 |
_c9515 _d9515 |
||
| 003 | GBCCL | ||
| 005 | 20241126110713.0 | ||
| 008 | 230221b ||||| |||| 00| 0 eng d | ||
| 020 | _a9781931230124 | ||
| 020 | _a1931230129 | ||
| 040 | _cGBC | ||
| 082 |
_a261.26 _bMOR |
||
| 100 |
_aMorey, Robert A. _916566 |
||
| 245 |
_a How the Old and New Testaments relate to each other / _cRobert A. Morey |
||
| 260 |
_aLas Vegas, NV, _bChristian Scholars Press, _c ©2002 |
||
| 300 |
_a153 pages ; _b22 cm |
||
| 505 | _aIt does make a difference The root of the problem A short history lesson The unity of the testaments Directives vs directions The diversity of the covenants Systems in collision The one or the many? Original sin, atonement and justification Is the Sabbath for today? | ||
| 650 |
_a Bible. _vNew Testament _97309 |
||
| 650 |
_aBible. _vNew Testament Relation to the Old Testament _916258 |
||
| 650 |
_aChristianity _9479 |
||
| 650 |
_aChristianity and other religions Judaism _916567 |
||
| 650 |
_aInterfaith relations _915078 |
||
| 942 |
_2ddc _cBK |
||